[Event "Online Olym Div3 B"]
[Site "Chess.com INT"]
[Date "2021.08.29"]
[Round "7.4"]
[White "Kanyamarala, Tarun"]
[Black "Vasco Mateus, Felizardo Viagei"]
[Result "1-0"]
[WhiteElo "2369"]
[BlackElo "1862"]
[PlyCount "49"]
[EventDate "2021.08.27"]
[EventType "team-tourn (rapid)"]
[EventRounds "9"]
[EventCountry "USA"]
[SourceTitle "CBM 204 Extra"]
[Source "ChessBase"]
[SourceDate "2021.11.30"]
[SourceVersion "1"]
[SourceVersionDate "2021.11.30"]
[SourceQuality "1"]
[WhiteTeam "Ireland"]
[BlackTeam "Mozambique"]
[WhiteTeamCountry "IRL"]
[BlackTeamCountry "MOZ"]

1. e4 c5 2. Nc3 a6 3. g3 d6 4. Bg2 Nc6 5. Nge2 Bd7 6. 0-0 g6 7. d4 cxd4 8. Nxd4 Bg7 9. Be3 Nf6 10. h3 Rc8 11. Nxc6 Bxc6 12. Bd4 0-0 13. a4 Qa5 14. Re1 Rfd8 15. Qc1 e5 16. Be3 d5 17. Bg5 d4 18. Nd5 Bxd5 19. exd5 Re8 20. d6 Rcd8 21. Bxb7 Qb6 22. Bg2 Qxd6 23. Qd2 Rb8 24. c3 Nd5 25. cxd4 1-0

[Event "Online Olym Div3 B"]
[Site "Chess.com INT"]
[Date "2021.08.28"]
[Round "5.3"]
[White "Kebede, Yoseph Kifle"]
[Black "Vasco Mateus, Felizardo Viagei"]
[Result "0-1"]
[WhiteElo "1814"]
[BlackElo "1862"]
[PlyCount "74"]
[EventDate "2021.08.27"]
[EventType "team-tourn (rapid)"]
[EventRounds "9"]
[EventCountry "USA"]
[SourceTitle "CBM 204 Extra"]
[Source "ChessBase"]
[SourceDate "2021.11.30"]
[SourceVersion "1"]
[SourceVersionDate "2021.11.30"]
[SourceQuality "1"]
[WhiteTeam "Ethiopia"]
[BlackTeam "Mozambique"]
[WhiteTeamCountry "ETH"]
[BlackTeamCountry "MOZ"]

1. Nf3 Nf6 2. c4 e6 3. d4 b6 4. a3 Bb7 5. Nc3 Be7 6. d5 exd5 7. cxd5 0-0 8. e4 Re8 9. Bd3 d6 10. 0-0 Nbd7 11. Re1 h6 12. h3 Bf8 13. Bf4 a6 14. Rc1 b5 15. Bb1 Rc8 16. Nd4 Ne5 17. Nf5 Ng6 18. Bg3 Nd7 19. f4 Qf6 20. Qd3 Nc5 21. Qd1 c6 22. b4 Nd7 23. dxc6 Bxc6 24. Nd5 Bxd5 25. Qxd5 Rxc1 26. Rxc1 Qb2 27. Rd1 Nf6 28. Qd3 Nxe4 29. Re1 Nf6 30. Rxe8 Nxe8 31. Nh4 Qf6 32. Nxg6 fxg6 33. Qxg6 Qd4+ 34. Kh2 Nf6 35. Ba2+ d5 36. Bb1 Bd6 37. Qf5 Kf7 0-1

[Event "Online Olym Div4 B"]
[Site "Chess.com INT"]
[Date "2020.08.01"]
[Round "6.2"]
[White "Koniahli, Malek"]
[Black "Vasco Mateus, Felizardo Viagei"]
[Result "0-1"]
[WhiteElo "2261"]
[BlackElo "1862"]
[PlyCount "102"]
[EventDate "2020.07.31"]
[EventType "team-tourn (rapid)"]
[EventRounds "9"]
[EventCountry "USA"]
[SourceTitle "CBM 198"]
[Source "ChessBase"]
[SourceDate "2020.10.31"]
[SourceVersion "1"]
[SourceVersionDate "2020.10.31"]
[SourceQuality "1"]
[WhiteTeam "Syria"]
[BlackTeam "Mozambique"]
[WhiteTeamCountry "SYR"]
[BlackTeamCountry "MOZ"]

1. e4 c5 2. Nf3 d6 3. d4 cxd4 4. Nxd4 Nf6 5. Nc3 a6 6. Be3 e5 7. Nb3 Be6 8. f3 Nbd7 9. Qd2 Rc8 10. 0-0-0 Be7 11. g4 b5 12. g5 Nh5 13. h4 0-0 14. Bh3 Nb6 15. Bxb6 Qxb6 16. Ne2 Rc7 17. Bg4 Nf4 18. Nxf4 exf4 19. Qxf4 Rfc8 20. Rh2 d5 21. e5 Rc4 22. Qg3 Qe3+ 23. Kb1 Rxg4 24. Qxg4 Bxg4 25. fxg4 Qxe5 26. Rhd2 Rd8 27. Nd4 Qc7 28. Nf5 Bf8 29. h5 Qf4 30. g6 fxg6 31. hxg6 hxg6 32. Nd4 Qxg4 33. Nc6 Rd6 34. Ne5 Qe4 35. Nd3 g5 36. Rg1 Rg6 37. a3 g4 38. Re1 Qf5 39. Rf2 Qg5 40. Re5 g3 41. Rg2 Qg4 42. Re3 Bd6 43. Re8+ Kf7 44. Re1 Rf6 45. Ka2 Qc4+ 46. b3 Qc3 47. Rge2 Qa5 48. b4 Qc7 49. Kb2 a5 50. c3 Qc4 51. Re3 d4 0-1

[Event "Africa-ch U16"]
[Site "Windhoek"]
[Date "2019.12.21"]
[Round "9.2"]
[White "Vasco Mateus, Felizardo Viagei"]
[Black "Emanuel, Mutuna"]
[Result "0-1"]
[WhiteElo "1948"]
[BlackElo "1736"]
[PlyCount "38"]
[EventDate "2019.12.16"]
[EventType "swiss"]
[EventRounds "9"]
[EventCountry "NAM"]
[SourceTitle "EXT 2024"]
[Source "ChessBase"]
[SourceDate "2023.10.10"]
[SourceVersion "1"]
[SourceVersionDate "2023.10.10"]
[SourceQuality "1"]

1. e4 c5 2. Nc3 Nc6 3. g3 g6 4. Bg2 Bg7 5. Nge2 a6 6. a4 e6 7. 0-0 Nge7 8. f4 d5 9. d3 0-0 10. f5 exf5 11. exd5 Nd4 12. Bg5 Qd6 13. Bf4 Qd7 14. d6 Nec6 15. Nd5 Qd8 16. Qd2 g5 17. Bxg5 Nxe2+ 18. Kh1 f6 19. Be3 Ned4 0-1

[Event "Africa-ch U16"]
[Site "Windhoek"]
[Date "2019.12.19"]
[Round "5.4"]
[White "Vasco Mateus, Felizardo Viagei"]
[Black "Tamer, Mohamed"]
[Result "0-1"]
[WhiteElo "1948"]
[BlackElo "1914"]
[PlyCount "36"]
[EventDate "2019.12.16"]
[EventType "swiss"]
[EventRounds "9"]
[EventCountry "NAM"]
[SourceTitle "EXT 2024"]
[Source "ChessBase"]
[SourceDate "2023.10.10"]
[SourceVersion "1"]
[SourceVersionDate "2023.10.10"]
[SourceQuality "1"]

1. e4 d6 2. d4 Nf6 3. Nc3 g6 4. f3 c6 5. Be3 Nbd7 6. Qd2 b5 7. 0-0-0 a5 8. e5 b4 9. exf6 bxc3 10. Qxc3 Nxf6 11. Qxc6+ Bd7 12. Qc4 Rc8 13. Qe2 Nd5 14. Bd2 Bg7 15. Kb1 Qb6 16. Qa6 Qxd4 17. Qb7 0-0 18. Ne2 Qc5 0-1

[Event "Africa-ch U16"]
[Site "Windhoek"]
[Date "2019.12.16"]
[Round "2.2"]
[White "Gaoseb, Manfredo"]
[Black "Vasco Mateus, Felizardo Viagei"]
[Result "1/2-1/2"]
[WhiteElo "1580"]
[BlackElo "1948"]
[PlyCount "92"]
[EventDate "2019.12.16"]
[EventType "swiss"]
[EventRounds "9"]
[EventCountry "NAM"]
[SourceTitle "EXT 2024"]
[Source "ChessBase"]
[SourceDate "2023.10.10"]
[SourceVersion "1"]
[SourceVersionDate "2023.10.10"]
[SourceQuality "1"]

1. e4 c5 2. Nf3 d6 3. d4 cxd4 4. Nxd4 Nf6 5. Nc3 a6 6. Bg5 e6 7. f4 Nbd7 8. Qf3 h6 9. Bh4 Qc7 10. 0-0-0 b5 11. f5 e5 12. Ne6 fxe6 13. fxe6 Nb6 14. Bxf6 gxf6 15. Qxf6 Qg7 16. Qf5 Qg5+ 17. Kb1 Qxf5 18. exf5 Be7 19. Bxb5+ axb5 20. Nxb5 0-0 21. Nxd6 Bxd6 22. Rxd6 Nc4 23. Rd3 Bb7 24. Rhd1 Rxf5 25. b3 Na3+ 26. Kb2 Rff8 27. Rg3+ Kh8 28. Rd7 Be4 29. Rh3 Rf6 30. e7 Re8 31. Rd8 Bc6 32. Rc3 Kg7 33. Rxc6 Rxe7 34. Rxf6 Kxf6 35. Kxa3 e4 36. Rf8+ Ke5 37. Kb2 Kd4 38. Kc1 Ke3 39. Kd1 Rd7+ 40. Ke1 Rd2 41. Rc8 Rxg2 42. Rc3+ Kf4 43. h3 h5 44. a4 e3 45. Rc5 Rg1+ 46. Ke2 Rg2+ 1/2-1/2

[Event "Pretoria Capablanca B"]
[Site "Pretoria"]
[Date "2018.04.30"]
[Round "8"]
[White "Vasco Mateus, Felizardo Viagei"]
[Black "Beukes, Dante M"]
[Result "0-1"]
[WhiteElo "1593"]
[BlackElo "1784"]
[PlyCount "74"]
[EventDate "2018.04.27"]
[EventType "tourn"]
[EventRounds "9"]
[EventCountry "RSA"]
[SourceTitle "CBM 184 Extra"]
[Source "ChessBase"]
[SourceDate "2018.06.28"]
[SourceVersion "1"]
[SourceVersionDate "2018.06.28"]
[SourceQuality "1"]

1. e4 c5 2. Nf3 Nc6 3. Bb5 g6 4. 0-0 Bg7 5. Re1 Nf6 6. Nc3 0-0 7. d4 cxd4 8. Nxd4 Nxd4 9. Qxd4 Ng4 10. Qd2 Qc7 11. Qf4 Qxf4 12. Bxf4 Bxc3 13. bxc3 d6 14. f3 Ne5 15. Red1 Be6 16. Bxe5 dxe5 17. Bd7 Bc4 18. Ba4 Rfd8 19. Bb3 Ba6 20. Kf2 e6 21. Ke3 Rac8 22. Rxd8+ Rxd8 23. g3 Kf8 24. h4 Ke7 25. Rh1 f5 26. f4 Kf6 27. h5 Rc8 28. exf5 exf5 29. fxe5+ Kxe5 30. hxg6 hxg6 31. Kd2 Ke4 32. Re1+ Kf3 33. Re3+ Kf2 34. Re6 Rc6 35. Rxc6 bxc6 36. Bf7 Kxg3 37. Bxg6 f4 0-1

[Event "Pretoria Capablanca B"]
[Site "Pretoria"]
[Date "2018.04.30"]
[Round "7"]
[White "Vasco Mateus, Felizardo Viagei"]
[Black "Nene, Themba"]
[Result "0-1"]
[WhiteElo "1593"]
[BlackElo "1925"]
[PlyCount "106"]
[EventDate "2018.04.27"]
[EventType "tourn"]
[EventRounds "9"]
[EventCountry "RSA"]
[SourceTitle "CBM 184 Extra"]
[Source "ChessBase"]
[SourceDate "2018.06.28"]
[SourceVersion "1"]
[SourceVersionDate "2018.06.28"]
[SourceQuality "1"]

1. e4 c5 2. Nf3 g6 3. d4 cxd4 4. Nxd4 Bg7 5. c4 Nc6 6. Be3 Nf6 7. Nc3 0-0 8. Be2 d6 9. 0-0 a6 10. Rc1 Nxd4 11. Bxd4 Nd7 12. Bxg7 Kxg7 13. Qd4+ f6 14. Rfd1 Qa5 15. b4 Qe5 16. Nd5 Qxd4 17. Rxd4 Kf7 18. c5 dxc5 19. bxc5 Ne5 20. Rb4 Nc6 21. Rb6 Nd8 22. Bc4 e6 23. Ne3 Bd7 24. f4 Bc6 25. Bd3 Kg7 26. Nc4 Bb5 27. Rc3 Bxc4 28. Bxc4 Re8 29. c6 bxc6 30. Rxa6 Rxa6 31. Bxa6 Re7 32. Kf2 e5 33. fxe5 fxe5 34. Ke3 Rd7 35. Bc4 Kf6 36. Bg8 h6 37. Rd3 Ke7 38. Rxd7+ Kxd7 39. h4 Kd6 40. Bh7 g5 41. hxg5 hxg5 42. Bg8 Kc5 43. Kf3 Kd4 44. Kg4 Kxe4 45. Bh7+ Kd4 46. Kxg5 e4 47. Bxe4 Kxe4 48. Kf6 c5 49. g4 Nb7 50. a4 c4 51. a5 Nxa5 52. g5 Nb7 53. Ke6 Nc5+ 0-1

[Event "Pretoria Capablanca B"]
[Site "Pretoria"]
[Date "2018.04.28"]
[Round "3"]
[White "Vasco Mateus, Felizardo Viagei"]
[Black "Masiya, Mfundo"]
[Result "0-1"]
[WhiteElo "1593"]
[BlackElo "1949"]
[PlyCount "102"]
[EventDate "2018.04.27"]
[EventType "tourn"]
[EventRounds "9"]
[EventCountry "RSA"]
[SourceTitle "CBM 184 Extra"]
[Source "ChessBase"]
[SourceDate "2018.06.28"]
[SourceVersion "1"]
[SourceVersionDate "2018.06.28"]
[SourceQuality "1"]

1. e4 c5 2. Nf3 d6 3. d4 cxd4 4. Nxd4 Nf6 5. Nc3 a6 6. Bg5 e6 7. f4 Be7 8. Qf3 Nbd7 9. 0-0-0 Qc7 10. Bd3 b5 11. Bxb5 axb5 12. Ndxb5 Qb8 13. Rxd6 Bxd6 14. e5 Bb4 15. Qxa8 Qxa8 16. Nc7+ Kd8 17. Nxa8 Bxc3 18. bxc3 Bb7 19. exf6 gxf6 20. Bxf6+ Nxf6 21. Rd1+ Ke7 22. Nb6 Bxg2 23. Rd4 Nd5 24. Nxd5+ Bxd5 25. c4 Bc6 26. Rd3 Rc8 27. Kb2 Be4 28. Rd4 Bf5 29. a4 Rd8 30. c3 Rb8+ 31. Ka3 Bc2 32. a5 f5 33. c5 Be4 34. Rd6 Rb5 35. Ra6 Rxc5 36. Kb4 Rc7 37. h3 Bg2 38. h4 Kd7 39. Kb3 h5 40. Kc2 Bc6 41. Rb6 Rb7 42. Kd3 Rxb6 43. axb6 Be4+ 44. Kd4 Kc6 45. c4 Kxb6 46. Ke5 Kc5 47. Kxe6 Kxc4 48. Kf6 Kd4 49. Kg6 Ke3 50. Kg5 Kf3 51. Kxh5 Kxf4 0-1

[Event "Matola zt 4.3"]
[Site "Matola"]
[Date "2018.04.10"]
[Round "4.11"]
[White "Gafar, Izdine"]
[Black "Vasco Mateus, Felizardo Viagei"]
[Result "1/2-1/2"]
[WhiteElo "1971"]
[BlackElo "1593"]
[PlyCount "57"]
[EventDate "2018.04.08"]
[EventType "swiss"]
[EventRounds "9"]
[EventCountry "MOZ"]
[SourceTitle "EXT 2024"]
[Source "ChessBase"]
[SourceDate "2023.10.10"]
[SourceVersion "1"]
[SourceVersionDate "2023.10.10"]
[SourceQuality "1"]

1. e4 c5 2. Nf3 d6 3. d4 cxd4 4. Nxd4 Nf6 5. Nc3 a6 6. Bc4 e6 7. f3 b5 8. Bb3 b4 9. Nce2 d5 10. e5 Nfd7 11. f4 Nc5 12. Be3 a5 13. c3 Ba6 14. Bc2 Nbd7 15. 0-0 g6 16. Rf3 Ne4 17. Ba4 Rc8 18. Rc1 Nec5 19. Kh1 Nxa4 20. Qxa4 Qb6 21. Nb3 Qb5 22. Qxb5 Bxb5 23. Ned4 Bc4 24. Nxa5 bxc3 25. Nxc4 dxc4 26. Rxc3 Bb4 27. Rc2 0-0 28. Nb5 f6 29. Bd2 1/2-1/2

[Event "World ol U16"]
[Site "Ahmedabad"]
[Date "2017.12.14"]
[Round "5.1"]
[White "Reddy, Ananta"]
[Black "Vasco Mateus, Felizardo Viagei"]
[Result "0-1"]
[WhiteElo "1658"]
[BlackElo "1552"]
[PlyCount "95"]
[EventDate "2017.12.11"]
[EventType "team-swiss"]
[EventRounds "9"]
[EventCountry "IND"]
[SourceTitle "CBM 182 Extra"]
[Source "ChessBase"]
[SourceDate "2018.02.23"]
[SourceVersion "1"]
[SourceVersionDate "2018.02.23"]
[SourceQuality "1"]
[WhiteTeam "South Africa II"]
[BlackTeam "Mozambique"]
[WhiteTeamCountry "RSA"]
[BlackTeamCountry "MOZ"]

1. c4 Nf6 2. g3 e6 3. Bg2 d5 4. Nf3 Be7 5. 0-0 0-0 6. Qc2 b6 7. d4 Ba6 8. Ne5 c6 9. Rd1 Bb7 10. b3 Nbd7 11. Bb2 Rc8 12. Nc3 Qc7 13. Rac1 Qb8 14. Qb1 Rfd8 15. e4 dxe4 16. Nxd7 Rxd7 17. Nxe4 Rcd8 18. Ng5 h6 19. Nf3 c5 20. Ne5 Rc7 21. Bh3 Be4 22. Qa1 cxd4 23. Rxd4 Rcc8 24. Rcd1 Bc5 25. Rxd8+ Rxd8 26. Rxd8+ Qxd8 27. Qc1 Bb7 28. Qf4 Qd1+ 29. Bf1 Qc2 30. Nd3 Bf8 31. Qc7 Be4 32. Ne5 Qxb2 33. Qxf7+ Kh7 34. Qxe6 Bc5 35. Ng4 Bg6 36. Nxf6+ Qxf6 37. Qe2 Qe7 38. Qd2 Qd6 39. Qe2 Qd4 40. Qf3 Qa1 41. Qe2 Qb1 42. h4 Qe4 43. Qd2 Qf3 44. Bg2 Qxg3 45. h5 Be4 46. Kf1 Qxg2+ 47. Ke1 Qg1+ 48. Ke2 0-1

[Event "World ol U16"]
[Site "Ahmedabad"]
[Date "2017.12.12"]
[Round "3.1"]
[White "Mazibuko, Khanya"]
[Black "Vasco Mateus, Felizardo Viagei"]
[Result "1/2-1/2"]
[WhiteElo "1836"]
[BlackElo "1552"]
[PlyCount "144"]
[EventDate "2017.12.11"]
[EventType "team-swiss"]
[EventRounds "9"]
[EventCountry "IND"]
[SourceTitle "CBM 182 Extra"]
[Source "ChessBase"]
[SourceDate "2018.02.23"]
[SourceVersion "1"]
[SourceVersionDate "2018.02.23"]
[SourceQuality "1"]
[WhiteTeam "South Africa"]
[BlackTeam "Mozambique"]
[WhiteTeamCountry "RSA"]
[BlackTeamCountry "MOZ"]

1. e4 c5 2. Nf3 d6 3. Bb5+ Nd7 4. d4 cxd4 5. Qxd4 Ngf6 6. Nc3 g6 7. Bg5 Bg7 8. e5 dxe5 9. Nxe5 0-0 10. 0-0-0 Qc7 11. Nxd7 Nxd7 12. Nd5 Qa5 13. Nxe7+ Kh8 14. Bh6 Nf6 15. Bxg7+ Kxg7 16. Nd5 Qd8 17. g4 Qxd5 18. Qxd5 Nxd5 19. Rxd5 Bxg4 20. Re1 Be6 21. Rd4 Rac8 22. a3 Rc5 23. Bd3 Rh5 24. h4 Rc8 25. Kd2 Kf6 26. Ra4 a5 27. Ree4 b6 28. Rad4 Ke7 29. c4 Rc7 30. Rd5 f5 31. Re3 Rxh4 32. Rb5 Rc6 33. c5 bxc5 34. Rxa5 c4 35. Be2 Rh2 36. f3 Kf6 37. Kc3 h5 38. Ra7 h4 39. Rh7 Bg8 40. Rb7 Re6 41. Rxe6+ Bxe6 42. Bxc4 Bxc4 43. Kxc4 h3 44. b4 g5 45. Rb6+ Ke5 46. Rg6 Kf4 47. a4 Rc2+ 48. Kb5 h2 49. Rh6 Kxf3 50. a5 g4 51. a6 g3 52. a7 Ra2 53. Ra6 Rxa6 54. Kxa6 g2 55. a8Q+ Kg3 56. Qg8+ Kf2 57. Qa2+ Kg3 58. Qb3+ Kf2 59. Qc2+ Kg3 60. Qd3+ Kg4 61. Qe2+ Kg3 62. Qe3+ Kg4 63. Qe2+ Kg3 64. Qd3+ Kg4 65. Qd1+ Kg3 66. Qd3+ Kg4 67. Qd1+ Kg3 68. Qb3+ Kf2 69. Qb2+ Kg3 70. Qc3+ Kg4 71. Qg7+ Kf3 72. Qc3+ Kg4 1/2-1/2

[Event "World ol U16"]
[Site "Ahmedabad"]
[Date "2017.12.11"]
[Round "1.13"]
[White "Vasco Mateus, Felizardo Viagei"]
[Black "Batsuren, Dambasuren"]
[Result "0-1"]
[WhiteElo "1552"]
[BlackElo "2350"]
[PlyCount "62"]
[EventDate "2017.12.11"]
[EventType "team-swiss"]
[EventRounds "9"]
[EventCountry "IND"]
[SourceTitle "CBM 182 Extra"]
[Source "ChessBase"]
[SourceDate "2018.02.23"]
[SourceVersion "1"]
[SourceVersionDate "2018.02.23"]
[SourceQuality "1"]
[WhiteTeam "Mozambique"]
[BlackTeam "Mongolia"]
[WhiteTeamCountry "MOZ"]
[BlackTeamCountry "MGL"]

1. e4 e5 2. Nf3 Nc6 3. Bb5 a6 4. Ba4 b5 5. Bb3 Nf6 6. d3 Bb7 7. 0-0 Bc5 8. c3 d6 9. a4 0-0 10. Bg5 h6 11. Bh4 g5 12. Bg3 Ba7 13. Na3 b4 14. Nc2 bxc3 15. bxc3 Ne7 16. Nd2 Ng6 17. Kh1 d5 18. exd5 Nxd5 19. Nc4 Ndf4 20. d4 Bxg2+ 21. Kg1 Qd5 22. Bxf4 Nxf4 23. f3 Bxf1 24. Kxf1 exd4 25. cxd4 Qf5 26. Kg1 Rad8 27. N4e3 Qh3 28. Qf1 Bxd4 29. Nxd4 Rxd4 30. Qxh3 Nxh3+ 31. Kf1 Rd3 0-1